000 00469nam a2200157 i 4500
001 97364
003 ES-MaACL
005 20230906182104.0
007 t|
008 050711s1970 sp ||||1| spa d
100 1 _aMaraval, Juan Bautista.
_976326
245 1 0 _aActividades apostólicas de las religiosas y "revisión de vida" /
_cJuan Bautista Maraval.
260 _aBilbao :
_bMensajero,
_c1970.
300 _a173 p. ;
_c20 cm.
852 _aES-MaACL
_jC-49040
_bR.73255
999 _c97364
_d97364